Let's give peace a chance /
Discurso pronunciado por el Sr. Oscar Arias presidente de Costa Rica, ante el Congreso de los Estados Unidos el 22 de septiembre de 1987 (documento en inglés). El tema central del discurso es el derecho de autonomía de una pequeña nación, describe la histórica tradición democrática de Costa Rica, su...
Gardado en:
| Autor Principal: | |
|---|---|
| Outros autores: | |
| Formato: | Desconocido |
| Idioma: | English |
| Publicado: |
Nueva York:
Grove Weidenfeld;
1989.
|
| Materias: | |
| Etiquetas: |
Engadir etiqueta
Sen Etiquetas, Sexa o primeiro en etiquetar este rexistro!
|
MARC
| LEADER | 00000 a2200000 04500 | ||
|---|---|---|---|
| 001 | 1868 | ||
| 003 | cru IIS | ||
| 005 | 20211215140640.0 | ||
| 008 | 991231s1989 nyu eng d | ||
| 020 | |a 0-8021-1081-9 | ||
| 040 | |a Centro de Recursos para el Aprendizaje y la Investigación |c cru IIS | ||
| 090 | |a 04.03.01 E22c | ||
| 100 | |a Edelman, Marc | ||
| 245 | |a Let's give peace a chance / |c Oscar Arias Sánchez | ||
| 260 | |a Nueva York: |b Grove Weidenfeld; |c 1989. | ||
| 300 | |a páginas 368-374 | ||
| 500 | |a Colección Centroamérica | ||
| 520 | |a Discurso pronunciado por el Sr. Oscar Arias presidente de Costa Rica, ante el Congreso de los Estados Unidos el 22 de septiembre de 1987 (documento en inglés). El tema central del discurso es el derecho de autonomía de una pequeña nación, describe la histórica tradición democrática de Costa Rica, sus esfuerzos por el desarrollo económico y social y, las metas por modernizar la economía. Asimismo hace un llamado por la paz en Centroamérica, como requisito indispensable para alcanzar el desarrollo en la región. AB/JM | ||
| 650 | |a RELACIONES INTERNACIONALES |0 TESAUROS | ||
| 650 | |a MANTENIMIENTO DE LA PAZ |0 TESAUROS | ||
| 650 | |a POLITICA EXTERIOR |0 TESAUROS | ||
| 650 | |a DIPLOMACIA |0 TESAUROS | ||
| 650 | |a PAZ |0 TESAUROS | ||
| 700 | |a Kenen, Joanne; | ||
| 773 | 0 | |g páginas 368-374 | |
| 852 | 1 | 1 | |a 04.03.01 E22c |
| 942 | |2 ddc |c LI |h 04.03.01 E22c |k 04.03.01 |m E22c |6 040301_E22C | ||
| 999 | |c 13128 |d 13128 | ||
| 773 | 0 | |0 43851 |9 5999 |a Edelman, Marc |d Nueva york: Grove Weidenfeld; 1989 |o 09267 |t The Costa Rica Reader / |z 0-8021-1081-9 | |



